000 00349cam a22001097a 4500
008 180718b xxu||||| |||| 00| 0 eng d
082 _aT394x54 In2ex
245 _aExport policy
_cby Department of Commerce, India
260 _aNew Delhi
_bGovernment of India
_c
500 _aContents: Library has 1978-79, 1980-82
700 _aIndia. Department of Commerce
999 _c497973
_d497973